| 000 | 01331cam a22004098i 4500 | ||
|---|---|---|---|
| 001 | 2024017944 | ||
| 003 | DLC | ||
| 005 | 20250811163837.0 | ||
| 008 | 240815s2025 nyu b 000 1 eng | ||
| 010 | _a 2024017944 | ||
| 020 |
_a9780316669467 _q(hardcover) |
||
| 020 | _a0316669466 | ||
| 035 | _a(OCoLC)1452508226 | ||
| 040 |
_aDLC _beng _erda _cDLC |
||
| 042 |
_apcc _acyac |
||
| 050 | 0 | 0 |
_aPZ7.B81668 _bWkt 2025 |
| 082 | 0 | 0 |
_a[E] _223 |
| 092 | _aE | ||
| 100 | 1 |
_aBrown, Peter, _d1979- _eauthor, _eillustrator. _95810277 |
|
| 245 | 1 | 4 |
_aThe wild robot on the island / _cwords and pictures by Peter Brown. |
| 250 | _aFirst edition. | ||
| 263 | _a2506 | ||
| 264 | 1 |
_aNew York : _bLittle, Brown and Company, _c2025. |
|
| 300 | _apages cm | ||
| 336 | _atext | ||
| 336 | _astill image | ||
| 337 | _aunmediated | ||
| 338 | _avolume | ||
| 520 | _aWhen a robot washes ashore, she adapts to her new home by making lifelong connections with the island's animal inhabitants. | ||
| 650 | 1 |
_aRobots _vFiction. _95680224 |
|
| 650 | 1 |
_aIslands _vFiction. _95673780 |
|
| 650 | 1 |
_aAnimals _vFiction. _95678722 |
|
| 650 | 1 |
_aAdjustment _vFiction. _96485212 |
|
| 650 | 1 |
_aFamily life _vFiction. _95674038 |
|
| 655 | 7 |
_aPicture books. _2lcgft |
|
| 942 |
_2ddc _cBOOK |
||
| 999 |
_c408971 _d408971 |
||